Water Resources Management: Principles and Practice (Record no. 14234)

000 -LEADER
fixed length control field 00274nam a2200109Ia 4500
008 - FIXED-LENGTH DATA ELEMENTS--GENERAL INFORMATION
fixed length control field 260210s9999 xx 000 0 und d
020 ## - INTERNATIONAL STANDARD BOOK NUMBER
International Standard Book Number 9781682868935
100 ## - MAIN ENTRY--PERSONAL NAME
Personal name Hart
245 #0 - TITLE STATEMENT
Title Water Resources Management: Principles and Practice
260 ## - PUBLICATION, DISTRIBUTION, ETC.
Name of publisher, distributor, etc. Syrawood
942 ## - ADDED ENTRY ELEMENTS (KOHA)
Koha item type B.PLAN
Holdings
Withdrawn status Lost status Damaged status Not for loan Permanent Location Current Location Shelving location Date acquired Barcode Date last seen Price effective from Koha item type
        BMS College of Architecture, Design and Planning BMS College of Architecture, Design and Planning General Stacks 2025-12-03 AR-UG5090 2026-02-10 2026-02-10 B.PLAN
Copyright © 2025, The Librarian, Library and Information Centre, BMSCA D&P, Bengaluru. All Rights Reserved
web counter

Powered by Koha